000
00259nam a2200109Ia 4500
008
190216s9999||||xx |||||||||||||| ||und||
100
_a
Gupta S P
245
0
_a
Management Accounting Tools And Techniques
260
_b
Null
_c
1988
300
_a
981p
942
_c
BK
999
_c
5323
_d
5323